000 00509nam a2200157 i 4500
001 68079
003 ES-MaACL
005 20230906170212.0
007 t|
008 040217s1972 sp ||||1| spa d
100 1 _aGandarias Ibaibarriaga, Higinio.
_953830
245 1 0 _aPrimer Reclusorio-Beaterio y Orden Tercera del Carmen en EspaƱa
_b: Santa Ana de Valencia, 1239 /
_cHiginio Gandarias.
260 _a[Alzo (Tolosa) :
_bs.n.,
_c1972]
300 _a92 p. ;
_c30 cm.
852 _aES-MaACL
_jC-43287
_bR.82089
999 _c68079
_d68079